The noble scholar, jurist, historian


 His Excellency Dr. Abdul Wahhab bin Ibrahim Abu Sulaiman, may Allah have mercy on him.


 He was born in Umm Al-Qura in the year 1356 AH.

الجواهر المضية على المقدمة الجزرية / (Record no. 8701)

MARC details
000 -LEADER
fixed length control field 01522cam a2200313 i 4500
003 - CONTROL NUMBER IDENTIFIER
control field SA-RiAUC
005 - DATE AND TIME OF LATEST TRANSACTION
control field 20250603120139.0
008 - FIXED-LENGTH DATA ELEMENTS--GENERAL INFORMATION
fixed length control field 250528s2005 su g 000 0 ara c
020 ## - INTERNATIONAL STANDARD BOOK NUMBER
International Standard Book Number 9960014037
024 0# - OTHER STANDARD IDENTIFIER
Standard number or code 1425/5367
040 ## - CATALOGING SOURCE
Original cataloging agency SA-JeALM
Language of cataloging ara
Transcribing agency SA-RiAUC
Description conventions rda
082 04 - DEWEY DECIMAL CLASSIFICATION NUMBER
Classification number 228.9
090 ## - LOCALLY ASSIGNED LC-TYPE CALL NUMBER (OCLC); LOCAL CALL NUMBER (RLIN)
Classification number (OCLC) (R) ; Classification number, CALL (RLIN) (NR) 228.9
Local cutter number (OCLC) ; Book number/undivided call number, CALL (RLIN) ف ض ا
100 1# - MAIN ENTRY--PERSONAL NAME
Personal name الفضالي، سيف الدين بن عطاء الله الوفائي،
Dates associated with a name توفي 1020 هجري
Relator term مؤلف.
245 12 - TITLE STATEMENT
Title الجواهر المضية على المقدمة الجزرية /
Statement of responsibility, etc. لسيف الدين بن عطا لله الفضالي المصري البصير ؛ دراسة وتحقيق عزة بنت هاشم معيني.
250 ## - EDITION STATEMENT
Edition statement الطبعة الأولى.
264 #1 - PRODUCTION, PUBLICATION, DISTRIBUTION, MANUFACTURE, AND COPYRIGHT NOTICE
Place of production, publication, distribution, manufacture الرياض :
Name of producer, publisher, distributor, manufacturer مكتبة الرشد،
Date of production, publication, distribution, manufacture, or copyright notice 2005
300 ## - PHYSICAL DESCRIPTION
Extent 539 صفحة ؛
Dimensions 24 سم
336 ## - CONTENT TYPE
Content type term نص
Content type code txt
Source rdacontent
Materials specified كتاب
337 ## - MEDIA TYPE
Media type term بدون وسيط
Media type code n
Source rdamedia
338 ## - CARRIER TYPE
Carrier type term مجلد
Carrier type code nc
Source rdacarrier
500 ## - GENERAL NOTE
General note اهداء من المحققة عزة معيني الى الشيخ رحمه الله بتاريخ 2 / جمادى الاخر 1426 هـ
630 27 - SUBJECT ADDED ENTRY--UNIFORM TITLE
Uniform title القرآن
General subdivision تجويد
Source of heading or term aucut
700 12 - ADDED ENTRY--PERSONAL NAME
Personal name ابن الجزري، محمد بن محمد بن محمد،
Dates associated with a name 751-833 هجري.
Title of a work المقدمة الجزرية في التجويد.
700 1# - ADDED ENTRY--PERSONAL NAME
Personal name معيني، عزة بنت هاشم،
Dates associated with a name 1392 هجري-
Relator term محقق.
740 22 - ADDED ENTRY--UNCONTROLLED RELATED/ANALYTICAL TITLE
Uncontrolled related/analytical title المقدمة الجزرية في علم التجويد.
942 ## - ADDED ENTRY ELEMENTS (KOHA)
Source of classification or shelving scheme Dewey Decimal Classification
Koha item type Books
Suppress in OPAC No
949 ## - LOCAL PROCESSING INFORMATION (OCLC)
a SA-JeALM
d 250528
u osman123
n 1
Holdings
Withdrawn status Lost status Source of classification or shelving scheme Damaged status Not for loan Home library Current library Date acquired Total checkouts Full call number Barcode Date last seen Price effective from Koha item type
    Dewey Decimal Classification     DR AbdElwahab Library DR AbdElwahab Library 06/03/2025   228.9 ف ض ا 000014301 06/03/2025 06/03/2025 Books